| 000 | 00356nam a2200145Ia 4500 | ||
|---|---|---|---|
| 008 | 191201s2012 xx 000 0 und d | ||
| 082 |
_a624.1762 _bDUE |
||
| 100 | _aDUGGAL, S.K | ||
| 245 | 0 | _aEarthquake Resistant Design of Structures | |
| 250 | _a7th IMP | ||
| 260 |
_aN. Delhi _bOxford _c2012 |
||
| 300 | _a448 | ||
| 650 | _aB.Tech(CE) | ||
| 942 |
_2ddc _cBK |
||
| 999 |
_c5277 _d5277 |
||